=LDR 00000nam 2200000 4500 =001 000482 =005 20250710094619 =035 ##$$a 0010-0725000344 =007 ta =008 250710################a##########0#ind## =020 ##$$a 978-623-307-437-7 =082 ##$$a 398.209 598 =084 ##$$a 398.209 598 MCG s =100 #$$a Mcgregor, Sarah =245 1#$$a Senzo dan Sang Matahari /$c Sarah McGregor =250 ##$$a Cetakan Kedua =260 ##$$a Jakarta Timur :$b Badan Pengembangan dan Pembinaan Bahasa,$c 2024 =300 ##$$a 18 hlm. : $b ilus. ; $c 29 cm =650 #4$$a Cerita Anak Indonesia-Terjemahan =650 #4$$a Literasi-Bahan Bacaan =856 ##$$a TBM As Suhada =990 ##$$a TBM02340234